000 00560nam a22002177a 4500
999 _c374353
_d374353
001 87884
003 UA-OsUOA
005 20191224165227.0
007 ta
008 20120926b un ||||| |||| 00| 0 ukr d
040 _aUA-OsUOA
_brus
_cUA-OsUOA
_dUA-OsUOA
041 _arus
080 _a94(477)
090 _a94(477)
_bФ33
245 _aФедоровские чтения 1980
260 _aЛьвів
_bНаука
_c1984
300 _a263 с.
650 7 _a9 Географія. Біографії. Історія
_2UDC
942 _cBK
_2udc
955 _a2